Abuja digest (Record no. 38014)

MARC details
000 -LEADER
fixed length control field 00593nam a2200157Ia 4500
022 ## - INTERNATIONAL STANDARD SERIAL NUMBER
ISSN 20060882
050 ## - CALL MARK
Classification number DT 515.9.F43 A22/
245 #0 - TITLE STATEMENT
Title Abuja digest
260 ## - PUBLICATION, DISTRIBUTION, ETC. (IMPRINT)
Place of publication Abuja.
260 ## - PUBLICATION, DISTRIBUTION, ETC. (IMPRINT)
Name of publisher Federal Capital Territory Administation
300 ## - PHYSICAL DESCRIPTION
Number of Pages 110 p. : ill. ; 33 cm.
650 ## - SUBJECT ADDED ENTRY--TOPICAL TERM
Topical Term Public works--Nigeria--Federal Capital Territory--Periodicals. Politics and government. Public works. Federal Capital Territory (Nigeria)--Politics and government--Periodicals. Nigeria--Federal Capital Territory.
942 ## - ADDED ENTRY ELEMENTS (KOHA)
Koha item type Serials

No items available.